Estudio de prefactibilidad para la Construcción de Edificio Administrativo en el Recinto Rubén Darío de la Universidad Nacional Autónoma de Nicaragua, Managua. UNAN-Managua
El estudio aborda la construcción del estudio de prefactibilidad, para la edificación del edificio administrativo del Recinto Universitario Rubén Darío de la Universidad Nacional Autónoma de Nicaragua (UNAN-Managua) que a continuación se presenta, aportará a la búsqueda de una autentica resp...
| Main Authors: | , |
|---|---|
| Other Authors: | |
| Format: | Tesis Section = Libro |
| Language: | Undetermined Spanish |
| Published: |
Managua
UNI
2017
|
| Subjects: |
| LEADER | 01509nam a2200277Ia 4500 | ||
|---|---|---|---|
| 008 | 240830s9999 xx 000 0 und d | ||
| 040 | |a BIBLIOTECA-RUSB/ M.Mon 658.404 T694 | ||
| 041 | |a spa | ||
| 082 | |a M.Mon 658.404 T694 | ||
| 100 | 1 | |a Torréz Pérez, Ana Belén | |
| 100 | 1 | |b Díaz García, Norlan Oswaldo | |
| 245 | 1 | 0 | |a Estudio de prefactibilidad para la Construcción de Edificio Administrativo en el Recinto Rubén Darío de la Universidad Nacional Autónoma de Nicaragua, Managua. UNAN-Managua |
| 260 | |a Managua |b UNI |c 2017 | ||
| 300 | |a 178 p. :il. | ||
| 500 | |a Contiene: anexos. | ||
| 502 | |a Tesis (Master en Gerencia de Proyectos de Desarrollo.) - UNI, 2017. | ||
| 520 | 3 | |a El estudio aborda la construcción del estudio de prefactibilidad, para la edificación del edificio administrativo del Recinto Universitario Rubén Darío de la Universidad Nacional Autónoma de Nicaragua (UNAN-Managua) que a continuación se presenta, aportará a la búsqueda de una autentica respuesta, a la necesidad de la mejora en los procesos de gestión y organización de espacios para el personal administrativo, docente, estudiantes y público en general. | |
| 650 | 7 | |a ADMINISTRACION DE PROYECTOS | |
| 650 | 7 | |b ESTUDIO DE FACTIBILIDAD | |
| 650 | 7 | |c construcción DE EDIFICIO-PROYECTOS-MANAGUA | |
| 650 | 7 | |d ANALISIS FINANCIERO | |
| 650 | 7 | |e ESTUDIO DE IMPACTO AMBIENTAL | |
| 700 | 1 | |a Tutor: |b Estrada Gutiérrez, Noel Antonio | |
| 942 | |c BK |2 ddc | ||
| 991 | |a TESIS | ||
| 999 | |c 19474 | ||